Catálogo

El derecho sindical mexicano y las instituciones que genera / (Registro nro. 6525)

Detalles MARC
000 -LEADER
fixed length control field 01081cam a2200313 i 4500
001 - CONTROL NUMBER
control field 6525
003 - CONTROL NUMBER IDENTIFIER
control field Mx-PuUPA
005 - DATE AND TIME OF LATEST TRANSACTION
control field 20200814112650.0
008 - FIXED-LENGTH DATA ELEMENTS--GENERAL INFORMATION
fixed length control field 140415s1986 mx fr 001 0 spa d
040 ## - CATALOGING SOURCE
Original cataloging agency Mx-PuUPA
Language of cataloging spa
Transcribing agency Mx-PuUPA
Modifying agency Mx-PuUPA
Description conventions rda
041 0# - LANGUAGE CODE
Language code of text/sound track or separate title spa
100 1# - MAIN ENTRY--PERSONAL NAME
Personal name Ramos Mtz., Eusebio,
Relator term autor
245 1# - TITLE STATEMENT
Title El derecho sindical mexicano y las instituciones que genera /
Statement of responsibility, etc. Eusebio Ramos Mtz., Ana Rosa Tapia Ortega
250 ## - EDITION STATEMENT
Edition statement Tercera edición
264 #1 - PRODUCTION, PUBLICATION, DISTRIBUTION, MANUFACTURE, AND COPYRIGHT NOTICE
Place of production, publication, distribution, manufacture México, D.F. :
Name of producer, publisher, distributor, manufacturer ECASA,
Date of production, publication, distribution, manufacture, or copyright notice 1986
300 ## - PHYSICAL DESCRIPTION
Extent vii-xvi, 237 páginas ;
Dimensions 23 cm
336 ## - CONTENT TYPE
Fuente rdacontent
Content type term texto
Content type code txt
337 ## - MEDIA TYPE
Source rdamedia
Media type term sin medio
Media type code n
338 ## - CARRIER TYPE
Source rdacarrier
Carrier type term volumen
Carrier type code nc
500 ## - GENERAL NOTE
General note Ítem carente de portada.
500 ## - GENERAL NOTE
General note Datos obtenidos de WorldCat.org, número OCLC: 38095755.
650 #4 - SUBJECT ADDED ENTRY--TOPICAL TERM
Topical term or geographic name entry element Sindicatos
General subdivision Derecho y legislación
Geographic subdivision México
650 #4 - SUBJECT ADDED ENTRY--TOPICAL TERM
Topical term or geographic name entry element Sindicatos laborales
General subdivision Ley y legislación
651 #4 - SUBJECT ADDED ENTRY--GEOGRAPHIC NAME
Geographic name México
700 1# - ADDED ENTRY--PERSONAL NAME
Personal name Tapia Ortega, Ana Rosa,
Relator term autor
942 ## - ADDED ENTRY ELEMENTS (KOHA)
Source of classification or shelving scheme Dewey Decimal Classification
Koha item type Libro
Classification part 331.89201
Item part R165
Existencias
Withdrawn status Lost status Source of classification or shelving scheme Damaged status Not for loan Collection code Home library Current library Shelving location Date acquired Source of acquisition Total Checkouts Full call number Barcode Date last seen Date last checked out Price effective from Koha item type
    Dewey Decimal Classification     General Biblioteca Karol Wojtyla Biblioteca Karol Wojtyla Sala general 03/12/2013 Compra   331.89201 R165 1986 19043 05/01/2026 12/03/2015 03/12/2013 Libro